=LDR 00000nam 2200000 4500 =001 INLIS000000000037066 =005 20130612142821 =008 ***********************************Ind** =035 ##$$a0010-061300000037066 =041 ##$$a Ind =082 ##$$a 621.39 =090 ##$$a 621.39, Zak c =100 ##$$a Zaki, Ali =245 ##$$a Cara mudah merakit PC, panduan praktis merakit PC kurang dari 20 menit, Ali Zaki =260 ##$$a 2007 $b Jakarta =300 ##$$a 137 hlm, ilus, 24 cm =650 ##$$a Komputer, Merakit =850 ##$$a NBPNMAT =990 ##$$a 0001/BPAP-NTB/20142014